Modular Design for Machine Tools / (Record no. 11279)
[ view plain ]
| 000 -LEADER | |
|---|---|
| fixed length control field | 01556cam a2200349 a 4500 |
| 001 - CONTROL NUMBER | |
| control field | 15032535 |
| 005 - DATE AND TIME OF LATEST TRANSACTION | |
| control field | 20080803131015.0 |
| 008 - FIXED-LENGTH DATA ELEMENTS--GENERAL INFORMATION | |
| fixed length control field | 071003s2008 nyua b 001 0 eng |
| 010 ## - LIBRARY OF CONGRESS CONTROL NUMBER | |
| LC control number | 2007041214 |
| 020 ## - INTERNATIONAL STANDARD BOOK NUMBER | |
| International Standard Book Number | 0071496602 (alk. paper) |
| 020 ## - INTERNATIONAL STANDARD BOOK NUMBER | |
| International Standard Book Number | 9780071496605 (alk. paper) |
| 035 ## - SYSTEM CONTROL NUMBER | |
| System control number | (OCoLC)ocn174134092 |
| 035 ## - SYSTEM CONTROL NUMBER | |
| System control number | (OCoLC)174134092 |
| Canceled/invalid control number | (OCoLC)153581842 |
| 040 ## - CATALOGING SOURCE | |
| Original cataloging agency | DLC |
| Transcribing agency | DLC |
| Modifying agency | BAKER |
| -- | YDXCP |
| -- | BTCTA |
| -- | C#P |
| -- | DLC |
| 050 00 - LIBRARY OF CONGRESS CALL NUMBER | |
| Classification number | TA174 |
| Item number | .I86 2008 |
| 082 00 - DEWEY DECIMAL CLASSIFICATION NUMBER | |
| Classification number | 621.902 |
| Edition number | 22 |
| Item number | ITO |
| 100 1# - MAIN ENTRY--PERSONAL NAME | |
| Personal name | Ito, Y. |
| Fuller form of name | (Yoshimi), |
| Dates associated with a name | 1940- |
| 9 (RLIN) | 3586 |
| 245 10 - TITLE STATEMENT | |
| Title | Modular Design for Machine Tools / |
| Statement of responsibility, etc | Yoshimi Ito. |
| 260 ## - PUBLICATION, DISTRIBUTION, ETC. (IMPRINT) | |
| Place of publication, distribution, etc | New York : |
| Name of publisher, distributor, etc | McGraw-Hill, |
| Date of publication, distribution, etc | c2008. |
| 300 ## - PHYSICAL DESCRIPTION | |
| Extent | xxiii, 504 p. : |
| Other physical details | ill. ; |
| Dimensions | 24 cm. |
| 504 ## - BIBLIOGRAPHY, ETC. NOTE | |
| Bibliography, etc | Includes bibliographical references and index. |
| 650 #0 - SUBJECT ADDED ENTRY--TOPICAL TERM | |
| Topical term or geographic name as entry element | Engineering design. |
| 9 (RLIN) | 3587 |
| 650 #0 - SUBJECT ADDED ENTRY--TOPICAL TERM | |
| Topical term or geographic name as entry element | Computer-aided design. |
| 9 (RLIN) | 3588 |
| 650 #0 - SUBJECT ADDED ENTRY--TOPICAL TERM | |
| Topical term or geographic name as entry element | Modularity (Engineering) |
| 9 (RLIN) | 3589 |
| 650 #0 - SUBJECT ADDED ENTRY--TOPICAL TERM | |
| Topical term or geographic name as entry element | Machine-tools. |
| 9 (RLIN) | 3590 |
| 856 42 - ELECTRONIC LOCATION AND ACCESS | |
| Materials specified | Contributor biographical information |
| Uniform Resource Identifier | <a href="http://www.loc.gov/catdir/enhancements/fy0814/2007041214-b.html">http://www.loc.gov/catdir/enhancements/fy0814/2007041214-b.html</a> |
| 856 42 - ELECTRONIC LOCATION AND ACCESS | |
| Materials specified | Publisher description |
| Uniform Resource Identifier | <a href="http://www.loc.gov/catdir/enhancements/fy0814/2007041214-d.html">http://www.loc.gov/catdir/enhancements/fy0814/2007041214-d.html</a> |
| 856 41 - ELECTRONIC LOCATION AND ACCESS | |
| Materials specified | Table of contents only |
| Uniform Resource Identifier | <a href="http://www.loc.gov/catdir/enhancements/fy0814/2007041214-t.html">http://www.loc.gov/catdir/enhancements/fy0814/2007041214-t.html</a> |
| 942 ## - ADDED ENTRY ELEMENTS (KOHA) | |
| Source of classification or shelving scheme | Dewey Decimal Classification |
| Item type | Book - Borrowing |
| Withdrawn status | Item status | Source of classification or shelving scheme | Damaged status | Not for loan | Vendor | Home library | Current library | Shelving location | Date acquired | Source of acquisition | Cost, normal purchase price | Serial Enumeration / chronology | Total Checkouts | Full call number | Barcode | Date last seen | Date last borrowed | Koha item type |
|---|---|---|---|---|---|---|---|---|---|---|---|---|---|---|---|---|---|---|
| Dewey Decimal Classification | Baccah | Central Library | Central Library | First floor | 09/04/2009 | 640.00 | 7117 | 1 | 621.902 ITO | 000015885 | 15/07/2025 | 17/10/2016 | Book - Borrowing |